[Event "Turniej Blitza na II Lidze Juniorów 2018"]
[Site "Szczyrk, Poland"]
[Date "2018.07.26"]
[Round "2.42"]
[White "Pieczewski, Szymon"]
[Black "Topola, Rafal"]
[Result "0-1"]
[TimeControl "3'+2\""]
[WhiteElo "1539"]
[BlackElo "1244"]

1. e4 {[%clk 00:03:02]} {[%emt 00:00:25]} c5 {[%clk 00:03:00]} {[%emt
00:00:10]} 2. d3 {[%clk 00:03:03]} {[%emt 00:00:02]} e6 {[%clk 00:02:59]}
{[%emt 00:00:03]} 3. Nd2 {[%clk 00:03:04]} {[%emt 00:00:01]} d5 {[%clk
00:03:00]} 4. g3 {[%clk 00:03:05]} {[%emt 00:00:01]} b6 {[%clk 00:02:59]}
{[%emt 00:00:03]} 5. Bg2 {[%clk 00:03:06]} {[%emt 00:00:01]} Bb7 {[%clk
00:03:01]} 6. Ngf3 {[%clk 00:03:07]} Nf6 {[%clk 00:03:01]} {[%emt 00:00:02]} 7.
O-O {[%clk 00:03:07]} {[%emt 00:00:01]} Be7 {[%clk 00:03:02]} {[%emt 00:00:01]}
8. c3 {[%clk 00:03:06]} {[%emt 00:00:04]} dxe4 {[%clk 00:03:03]} {[%emt
00:00:01]} 9. Nxe4 {[%clk 00:03:03]} {[%emt 00:00:05]} Nxe4 {[%clk 00:03:04]}
{[%emt 00:00:01]} 10. dxe4 {[%clk 00:03:02]} {[%emt 00:00:03]} Qxd1 {[%clk
00:03:04]} {[%emt 00:00:01]} 11. Rxd1 {[%clk 00:03:03]} {[%emt 00:00:02]} Bxe4
{[%clk 00:03:05]} {[%emt 00:00:01]} 12. Bf4 {[%clk 00:02:48]} {[%emt 00:00:16]}
Nd7 {[%clk 00:03:00]} {[%emt 00:00:07]} 13. Rd2 {[%clk 00:02:45]} {[%emt
00:00:06]} Nf6 {[%clk 00:03:00]} {[%emt 00:00:02]} 14. Rad1 {[%clk 00:02:36]}
{[%emt 00:00:10]} Nd5 {[%clk 00:02:41]} {[%emt 00:00:22]} 15. Ne5 {[%clk
00:02:08]} {[%emt 00:00:30]} Bxg2 {[%clk 00:02:34]} {[%emt 00:00:09]} 16. Kxg2
{[%clk 00:02:07]} {[%emt 00:00:02]} Nxf4+ {[%clk 00:02:34]} {[%emt 00:00:02]}
17. gxf4 {[%clk 00:02:08]} {[%emt 00:00:02]} Bf6 {[%clk 00:02:20]} {[%emt
00:00:16]} 18. Nd7 {[%clk 00:01:39]} {[%emt 00:00:29]} Be7 {[%clk 00:02:08]}
{[%emt 00:00:14]} 19. Kf3 {[%clk 00:01:37]} {[%emt 00:00:06]} Rd8 {[%clk
00:01:57]} {[%emt 00:00:13]} 20. Ne5 {[%clk 00:01:34]} {[%emt 00:00:05]} Rxd2
{[%clk 00:01:50]} {[%emt 00:00:08]} 21. Rxd2 {[%clk 00:01:36]} {[%emt
00:00:01]} Bf6 {[%clk 00:01:52]} {[%emt 00:00:01]} 22. Nd7 {[%clk 00:01:35]}
{[%emt 00:00:01]} Ke7 {[%clk 00:01:46]} {[%emt 00:00:08]} 23. Ke4 {[%clk
00:01:25]} {[%emt 00:00:12]} Rd8 {[%clk 00:01:46]} {[%emt 00:00:01]} 24. Nxf6
{[%clk 00:01:03]} {[%emt 00:00:25]} Rxd2 {[%clk 00:01:47]} {[%emt 00:00:02]} 25.
Nxh7 {[%clk 00:01:04]} {[%emt 00:00:01]} f6 {[%clk 00:01:36]} {[%emt 00:00:13]}
0-1

[Event "Turniej Blitza na II Lidze Juniorów 2018"]
[Site "Szczyrk, Poland"]
[Date "2018.07.26"]
[Round "2.69"]
[White "Pieczewska, Jadwiga"]
[Black "Pancewicz, Szymon"]
[Result "0-1"]
[TimeControl "3'+2\""]
[WhiteElo "1035"]
[BlackElo "1258"]

1. c4 {[%clk 00:03:03]} {[%emt 00:01:27]} Nf6 {[%clk 00:03:02]} {[%emt
00:00:03]} 2. Nc3 {[%clk 00:03:04]} {[%emt 00:00:01]} g6 {[%clk 00:02:59]}
{[%emt 00:00:04]} 3. d4 {[%clk 00:03:05]} {[%emt 00:00:01]} Bg7 {[%clk
00:02:58]} {[%emt 00:00:03]} 4. g3 {[%clk 00:03:05]} {[%emt 00:00:02]} O-O
{[%clk 00:02:56]} {[%emt 00:00:04]} 5. Bg2 {[%clk 00:03:07]} d6 {[%clk
00:02:57]} {[%emt 00:00:01]} 6. Nf3 {[%clk 00:03:08]} Nbd7 {[%clk 00:02:58]}
{[%emt 00:00:01]} 7. O-O {[%clk 00:03:07]} {[%emt 00:00:02]} e5 {[%clk
00:02:57]} {[%emt 00:00:04]} 8. dxe5 {[%clk 00:03:07]} {[%emt 00:00:02]} dxe5
{[%clk 00:02:57]} {[%emt 00:00:01]} 9. Bg5 {[%clk 00:03:04]} {[%emt 00:00:05]}
Re8 {[%clk 00:02:53]} {[%emt 00:00:07]} 10. Bxf6 {[%clk 00:02:54]} {[%emt
00:00:12]} Bxf6 {[%clk 00:02:53]} {[%emt 00:00:02]} 11. Rb1 {[%clk 00:02:47]}
{[%emt 00:00:07]} Qe7 {[%clk 00:02:42]} {[%emt 00:00:14]} 12. Nd2 {[%clk
00:02:43]} {[%emt 00:00:07]} a5 {[%clk 00:02:41]} {[%emt 00:00:03]} 13. b3
{[%clk 00:02:41]} {[%emt 00:00:04]} Nc5 {[%clk 00:02:38]} {[%emt 00:00:04]} 14.
Nde4 {[%clk 00:02:35]} {[%emt 00:00:07]} Nxe4 {[%clk 00:02:38]} {[%emt
00:00:04]} 15. Nxe4 {[%clk 00:02:36]} Bg7 {[%clk 00:02:37]} {[%emt 00:00:02]}
16. Qc2 {[%clk 00:02:25]} {[%emt 00:00:13]} Bf5 {[%clk 00:02:38]} 17. Rfd1
{[%clk 00:02:21]} {[%emt 00:00:06]} Rad8 {[%clk 00:02:37]} {[%emt 00:00:04]} 18.
a3 {[%clk 00:02:07]} {[%emt 00:00:16]} Rd4 {[%clk 00:02:28]} {[%emt 00:00:10]}
19. Rxd4 {[%clk 00:01:58]} {[%emt 00:00:11]} exd4 {[%clk 00:02:29]} {[%emt
00:00:01]} 20. b4 {[%clk 00:01:45]} {[%emt 00:00:15]} Bxe4 {[%clk 00:02:28]}
{[%emt 00:00:04]} 21. Bxe4 {[%clk 00:01:45]} {[%emt 00:00:01]} Qxe4 {[%clk
00:02:29]} {[%emt 00:00:02]} 22. Qxe4 {[%clk 00:01:46]} {[%emt 00:00:01]} Rxe4
{[%clk 00:02:30]} {[%emt 00:00:02]} 23. bxa5 {[%clk 00:01:44]} {[%emt
00:00:03]} Rxe2 {[%clk 00:02:29]} {[%emt 00:00:03]} 24. Rxb7 {[%clk 00:01:43]}
{[%emt 00:00:03]} d3 {[%clk 00:02:28]} {[%emt 00:00:02]} 25. a6 {[%clk
00:01:44]} {[%emt 00:00:02]} d2 {[%clk 00:02:26]} {[%emt 00:00:04]} 26. Kg2
{[%clk 00:01:40]} {[%emt 00:00:06]} d1=Q {[%clk 00:02:25]} {[%emt 00:00:02]} 27.
a7 {[%clk 00:01:41]} {[%emt 00:00:01]} Re8 {[%clk 00:02:25]} {[%emt 00:00:02]}
28. Rb8 {[%clk 00:01:39]} {[%emt 00:00:05]} Qa4 {[%clk 00:02:23]} {[%emt
00:00:04]} 29. Rxe8+ {[%clk 00:01:37]} {[%emt 00:00:03]} Qxe8 {[%clk 00:02:24]}
{[%emt 00:00:01]} 0-1

[Event "Turniej Blitza na II Lidze Juniorów 2018"]
[Site "Szczyrk, Poland"]
[Date "2018.07.26"]
[Round "2.4"]
[White "Owoc, Jakub"]
[Black "Janocha, Wieslaw"]
[Result "0-1"]
[TimeControl "3'+2\""]
[BlackTitle "FM"]
[WhiteElo "1556"]
[BlackElo "2197"]

1. g3 {[%clk 00:03:03]} {[%emt 00:01:59]} Nf6 {[%clk 00:02:58]} {[%emt
00:00:05]} 2. Bg2 {[%clk 00:03:04]} {[%emt 00:00:02]} d5 {[%clk 00:02:57]}
{[%emt 00:00:02]} 3. d4 {[%clk 00:03:04]} {[%emt 00:00:03]} g6 {[%clk
00:02:55]} {[%emt 00:00:04]} 4. Bg5 {[%clk 00:02:59]} {[%emt 00:00:08]} Ne4
{[%clk 00:02:50]} {[%emt 00:00:05]} 5. Bd2 {[%clk 00:02:46]} {[%emt 00:00:16]}
Bg7 {[%clk 00:02:50]} {[%emt 00:00:02]} 6. e3 {[%clk 00:02:46]} {[%emt
00:00:02]} c5 {[%clk 00:02:47]} {[%emt 00:00:04]} 7. dxc5 {[%clk 00:02:40]}
{[%emt 00:00:09]} Bxb2 {[%clk 00:02:45]} {[%emt 00:00:04]} 8. Bxe4 {[%clk
00:02:33]} {[%emt 00:00:08]} dxe4 {[%clk 00:02:18]} {[%emt 00:00:29]} 9. Bc3
{[%clk 00:02:33]} {[%emt 00:00:03]} Qxd1+ {[%clk 00:02:16]} {[%emt 00:00:04]}
10. Kxd1 {[%clk 00:02:32]} {[%emt 00:00:03]} Bg4+ {[%clk 00:02:00]} {[%emt
00:00:17]} 11. Ke1 {[%clk 00:02:27]} {[%emt 00:00:07]} Bxa1 {[%clk 00:01:50]}
{[%emt 00:00:12]} 12. Bxa1 {[%clk 00:02:26]} {[%emt 00:00:04]} f6 {[%clk
00:01:51]} 13. h3 {[%clk 00:02:25]} {[%emt 00:00:04]} Bf3 {[%clk 00:01:45]}
{[%emt 00:00:07]} 14. Nxf3 {[%clk 00:02:25]} {[%emt 00:00:03]} exf3 {[%clk
00:01:45]} 15. Nd2 {[%clk 00:02:26]} {[%emt 00:00:02]} Nd7 {[%clk 00:01:45]}
{[%emt 00:00:02]} 16. Nxf3 {[%clk 00:02:20]} {[%emt 00:00:08]} Nxc5 {[%clk
00:01:45]} {[%emt 00:00:02]} 17. Ke2 {[%clk 00:02:20]} {[%emt 00:00:02]} O-O-O
{[%clk 00:01:41]} {[%emt 00:00:05]} 18. Bd4 {[%clk 00:02:17]} {[%emt 00:00:06]}
b6 {[%clk 00:01:31]} {[%emt 00:00:11]} 19. Nd2 {[%clk 00:02:06]} {[%emt
00:00:13]} Kc7 {[%clk 00:01:29]} {[%emt 00:00:04]} 20. Nb3 {[%clk 00:02:01]}
{[%emt 00:00:07]} Nxb3 {[%clk 00:01:25]} {[%emt 00:00:06]} 21. axb3 {[%clk
00:01:59]} {[%emt 00:00:04]} e5 {[%clk 00:01:23]} {[%emt 00:00:04]} 22. Bc3
{[%clk 00:01:59]} {[%emt 00:00:02]} Rd6 {[%clk 00:01:23]} {[%emt 00:00:03]} 23.
Ra1 {[%clk 00:01:55]} {[%emt 00:00:06]} Kb7 {[%clk 00:01:22]} {[%emt 00:00:03]}
24. f4 {[%clk 00:01:53]} {[%emt 00:00:03]} Rc6 {[%clk 00:01:22]} {[%emt
00:00:02]} 25. Bd2 {[%clk 00:01:44]} {[%emt 00:00:11]} Rd8 {[%clk 00:01:17]}
{[%emt 00:00:07]} 26. Bb4 {[%clk 00:01:23]} {[%emt 00:00:23]} Rxc2+ {[%clk
00:01:14]} {[%emt 00:00:05]} 27. Kf3 {[%clk 00:01:23]} {[%emt 00:00:02]} Rd3
{[%clk 00:01:02]} {[%emt 00:00:14]} 28. Rb1 {[%clk 00:01:09]} {[%emt 00:00:16]}
a5 {[%clk 00:00:59]} {[%emt 00:00:06]} 29. Be7 {[%clk 00:01:10]} {[%emt
00:00:02]} Rcc3 {[%clk 00:00:47]} {[%emt 00:00:13]} 30. Re1 {[%clk 00:01:08]}
{[%emt 00:00:04]} exf4 {[%clk 00:00:44]} {[%emt 00:00:06]} 31. gxf4 {[%clk
00:01:06]} {[%emt 00:00:03]} f5 {[%clk 00:00:43]} {[%emt 00:00:03]} 32. b4
{[%clk 00:01:04]} {[%emt 00:00:03]} a4 {[%clk 00:00:43]} {[%emt 00:00:02]} 33.
Ra1 {[%clk 00:01:02]} {[%emt 00:00:04]} Rxe3+ {[%clk 00:00:43]} {[%emt
00:00:03]} 34. Kg2 {[%clk 00:01:02]} {[%emt 00:00:02]} Re2+ {[%clk 00:00:43]}
{[%emt 00:00:02]} 35. Kh1 {[%clk 00:01:02]} {[%emt 00:00:02]} Rxe7 {[%clk
00:00:42]} {[%emt 00:00:02]} 36. Rxa4 {[%clk 00:00:59]} {[%emt 00:00:06]} Re2
{[%clk 00:00:42]} {[%emt 00:00:01]} 37. Ra1 {[%clk 00:00:59]} {[%emt 00:00:02]}
Kc6 {[%clk 00:00:42]} {[%emt 00:00:02]} 38. b5+ {[%clk 00:00:59]} {[%emt
00:00:03]} Kxb5 {[%clk 00:00:42]} {[%emt 00:00:02]} 39. Rb1+ {[%clk 00:00:59]}
{[%emt 00:00:02]} Kc5 {[%clk 00:00:42]} {[%emt 00:00:01]} 40. h4 {[%clk
00:01:00]} {[%emt 00:00:02]} b5 {[%clk 00:00:42]} {[%emt 00:00:01]} 41. Kg1
{[%clk 00:00:59]} {[%emt 00:00:03]} b4 {[%clk 00:00:43]} {[%emt 00:00:02]} 42.
Kf1 {[%clk 00:00:59]} {[%emt 00:00:02]} Rh2 {[%clk 00:00:43]} {[%emt 00:00:02]}
43. Kg1 {[%clk 00:01:00]} {[%emt 00:00:02]} Rd2 {[%clk 00:00:42]} {[%emt
00:00:01]} 44. Re1 {[%clk 00:00:59]} {[%emt 00:00:03]} b3 {[%clk 00:00:42]}
{[%emt 00:00:02]} 45. Re5+ {[%clk 00:00:58]} {[%emt 00:00:03]} Kd4 {[%clk
00:00:42]} {[%emt 00:00:02]} 46. Re1 {[%clk 00:00:57]} {[%emt 00:00:03]} b2
{[%clk 00:00:43]} {[%emt 00:00:02]} 47. h5 {[%clk 00:00:57]} {[%emt 00:00:03]}
Rc1 {[%clk 00:00:42]} {[%emt 00:00:02]} 48. Kf1 {[%clk 00:00:57]} {[%emt
00:00:02]} b1=Q {[%clk 00:00:41]} {[%emt 00:00:03]} 49. hxg6 {[%clk 00:00:55]}
{[%emt 00:00:04]} Rxe1# {[%emt 00:00:02]} 0-1

[Event "Turniej Blitza na II Lidze Juniorów 2018"]
[Site "Szczyrk, Poland"]
[Date "2018.07.26"]
[Round "2.31"]
[White "Jaromin, Michal"]
[Black "Chmiel, Pawel"]
[Result "1-0"]
[TimeControl "3'+2\""]
[WhiteElo "1641"]
[BlackElo "1366"]

1. e4 {[%clk 00:03:02]} {[%emt 00:00:56]} e5 {[%clk 00:03:02]} {[%emt
00:00:13]} 2. d4 {[%clk 00:03:04]} exd4 {[%clk 00:03:03]} {[%emt 00:00:02]} 3.
c3 {[%clk 00:03:05]} dxc3 {[%clk 00:03:03]} {[%emt 00:00:02]} 4. Bc4 {[%clk
00:03:06]} Nc6 {[%clk 00:03:03]} {[%emt 00:00:02]} 5. Nf3 {[%clk 00:03:06]}
{[%emt 00:00:02]} Bc5 {[%clk 00:03:04]} {[%emt 00:00:01]} 6. Bxf7+ {[%clk
00:03:04]} {[%emt 00:00:04]} Kxf7 {[%clk 00:03:01]} {[%emt 00:00:05]} 7. Qd5+
{[%clk 00:03:05]} {[%emt 00:00:01]} Ke8 {[%clk 00:03:00]} {[%emt 00:00:02]} 8.
Qxc5 {[%clk 00:03:02]} {[%emt 00:00:05]} Qe7 {[%clk 00:03:01]} 9. Qxc3 {[%clk
00:03:02]} {[%emt 00:00:02]} Qxe4+ {[%clk 00:03:02]} {[%emt 00:00:01]} 10. Kf1
{[%clk 00:02:59]} {[%emt 00:00:05]} Nf6 {[%clk 00:03:03]} {[%emt 00:00:02]} 11.
Bg5 {[%clk 00:02:42]} {[%emt 00:00:18]} Qf5 {[%clk 00:02:47]} {[%emt 00:00:18]}
12. Na3 {[%clk 00:02:33]} {[%emt 00:00:12]} d6 {[%clk 00:02:44]} {[%emt
00:00:04]} 13. Re1+ {[%clk 00:02:30]} {[%emt 00:00:05]} Be6 {[%clk 00:02:40]}
{[%emt 00:00:06]} 14. h3 {[%clk 00:02:12]} {[%emt 00:00:21]} Kd7 {[%clk
00:02:41]} 15. g4 {[%clk 00:01:56]} {[%emt 00:00:17]} Qd5 {[%clk 00:02:25]}
{[%emt 00:00:18]} 16. Kg2 {[%clk 00:01:43]} {[%emt 00:00:16]} Rhf8 {[%clk
00:02:23]} {[%emt 00:00:04]} 17. Rd1 {[%clk 00:01:36]} {[%emt 00:00:09]} Qxa2
{[%clk 00:02:15]} {[%emt 00:00:10]} 18. Rhe1 {[%clk 00:01:26]} {[%emt
00:00:11]} h6 {[%clk 00:02:10]} {[%emt 00:00:07]} 19. Bh4 {[%clk 00:01:20]}
{[%emt 00:00:08]} g5 {[%clk 00:02:11]} 20. Bg3 {[%clk 00:01:22]} {[%emt
00:00:01]} Qb3 {[%clk 00:02:00]} {[%emt 00:00:13]} 21. Ne5+ {[%clk 00:01:06]}
{[%emt 00:00:18]} Nxe5 {[%clk 00:01:57]} {[%emt 00:00:05]} 22. Qxe5 {[%clk
00:01:04]} {[%emt 00:00:04]} Rae8 {[%clk 00:01:46]} {[%emt 00:00:13]} 23. Rxd6+
{[%clk 00:01:00]} {[%emt 00:00:07]} Kc8 {[%clk 00:01:30]} {[%emt 00:00:17]} 24.
Rxe6 {[%clk 00:00:56]} {[%emt 00:00:06]} Rxe6 {[%clk 00:01:23]} {[%emt
00:00:10]} 25. Qxc7# {[%clk 00:00:54]} {[%emt 00:00:03]} 1-0

[Event "Turniej Blitza na II Lidze Juniorów 2018"]
[Site "Szczyrk, Poland"]
[Date "2018.07.26"]
[Round "2.2"]
[White "Paprocki, Antoni"]
[Black "Jaroch, Karol"]
[Result "0-1"]
[TimeControl "3'+2\""]
[WhiteElo "1570"]
[BlackElo "2257"]

1. e4 {[%clk 00:03:03]} e6 {[%clk 00:03:04]} {[%emt 00:00:01]} 2. d4 {[%clk
00:03:04]} d5 {[%clk 00:03:05]} 3. Nd2 {[%clk 00:03:05]} c5 {[%clk 00:03:05]}
{[%emt 00:00:03]} 4. exd5 {[%clk 00:03:05]} {[%emt 00:00:02]} exd5 {[%clk
00:03:05]} {[%emt 00:00:01]} 5. Ngf3 {[%clk 00:03:05]} {[%emt 00:00:02]} Nc6
{[%clk 00:03:06]} {[%emt 00:00:01]} 6. Bb5 {[%clk 00:03:05]} {[%emt 00:00:02]}
Bd6 {[%clk 00:03:07]} {[%emt 00:00:02]} 7. dxc5 {[%clk 00:03:05]} {[%emt
00:00:02]} Bxc5 {[%clk 00:03:08]} {[%emt 00:00:01]} 8. Nb3 {[%clk 00:03:05]}
Bb6 {[%clk 00:03:08]} {[%emt 00:00:02]} 9. O-O {[%clk 00:03:05]} {[%emt
00:00:02]} Nge7 {[%clk 00:03:09]} {[%emt 00:00:01]} 10. Bf4 {[%clk 00:03:03]}
{[%emt 00:00:04]} O-O {[%clk 00:03:09]} {[%emt 00:00:03]} 11. Re1 {[%clk
00:03:04]} Ng6 {[%clk 00:03:10]} {[%emt 00:00:02]} 12. Bg3 {[%clk 00:03:05]} f5
{[%clk 00:03:01]} {[%emt 00:00:11]} 13. Bxc6 {[%clk 00:02:36]} {[%emt
00:00:30]} bxc6 {[%clk 00:03:01]} {[%emt 00:00:03]} 14. Ne5 {[%clk 00:02:36]}
{[%emt 00:00:01]} f4 {[%clk 00:02:52]} {[%emt 00:00:11]} 15. Nxc6 {[%clk
00:02:17]} {[%emt 00:00:21]} Qd6 {[%clk 00:02:34]} {[%emt 00:00:20]} 16. Ncd4
{[%clk 00:01:58]} {[%emt 00:00:21]} fxg3 {[%clk 00:02:34]} {[%emt 00:00:03]} 17.
hxg3 {[%clk 00:01:59]} a5 {[%clk 00:02:28]} {[%emt 00:00:08]} 18. a4 {[%clk
00:01:54]} {[%emt 00:00:07]} Bd7 {[%clk 00:02:24]} {[%emt 00:00:07]} 19. c3
{[%clk 00:01:33]} {[%emt 00:00:22]} Rae8 {[%clk 00:02:13]} {[%emt 00:00:13]} 20.
Qd3 {[%clk 00:01:22]} {[%emt 00:00:12]} Ne5 {[%clk 00:01:53]} {[%emt 00:00:22]}
21. Qd2 {[%clk 00:01:14]} {[%emt 00:00:10]} Nc4 {[%clk 00:01:53]} {[%emt
00:00:02]} 22. Qc2 {[%clk 00:01:13]} {[%emt 00:00:03]} Rxe1+ {[%clk 00:01:52]}
{[%emt 00:00:04]} 23. Rxe1 {[%clk 00:01:13]} {[%emt 00:00:01]} Bxa4 {[%clk
00:01:52]} {[%emt 00:00:03]} 24. Re6 {[%clk 00:01:03]} {[%emt 00:00:10]} Qxe6
{[%clk 00:01:31]} {[%emt 00:00:24]} 25. Nxe6 {[%clk 00:00:48]} {[%emt
00:00:17]} Rxf2 {[%clk 00:01:31]} {[%emt 00:00:03]} 26. Qxf2 {[%clk 00:00:08]}
{[%emt 00:00:42]} Bxf2+ {[%clk 00:01:30]} {[%emt 00:00:03]} 27. Kxf2 {[%clk
00:00:08]} Bxb3 {[%clk 00:01:31]} {[%emt 00:00:02]} 28. Nc5 {[%clk 00:00:08]}
{[%emt 00:00:01]} a4 {[%clk 00:01:22]} {[%emt 00:00:10]} 29. Ke2 {[%clk
00:00:07]} {[%emt 00:00:04]} Nxb2 {[%clk 00:01:21]} {[%emt 00:00:03]} 30. Ke3
{[%clk 00:00:04]} {[%emt 00:00:05]} Bc4 {[%clk 00:01:18]} {[%emt 00:00:06]} 31.
Kd2 {[%clk 00:00:04]} {[%emt 00:00:02]} a3 {[%clk 00:01:16]} {[%emt 00:00:04]}
32. Kc2 {[%clk 00:00:04]} {[%emt 00:00:01]} Nd1 {[%clk 00:01:08]} {[%emt
00:00:11]} 33. Kb1 {[%clk 00:00:03]} {[%emt 00:00:02]} Nxc3+ {[%clk 00:01:07]}
{[%emt 00:00:03]} 34. Kc2 {[%clk 00:00:04]} Ne4 {[%clk 00:00:59]} {[%emt
00:00:12]} 35. Na4 {[%clk 00:00:04]} {[%emt 00:00:02]} d4 {[%clk 00:00:58]}
{[%emt 00:00:03]} 36. Kb1 {[%clk 00:00:03]} {[%emt 00:00:03]} d3 {[%clk
00:00:54]} {[%emt 00:00:05]} 37. Kc1 {[%clk 00:00:03]} {[%emt 00:00:03]} Bb3
{[%clk 00:00:52]} {[%emt 00:00:03]} 38. Nc3 {[%clk 00:00:03]} {[%emt 00:00:02]}
d2+ {[%clk 00:00:52]} {[%emt 00:00:02]} 39. Kb1 {[%clk 00:00:03]} {[%emt
00:00:02]} Nxc3+ {[%clk 00:00:50]} {[%emt 00:00:02]} 40. Ka1 {[%clk 00:00:04]}
d1=R# {[%clk 00:00:50]} {[%emt 00:00:05]} 0-1

[Event "Turniej Blitza na II Lidze Juniorów 2018"]
[Site "Szczyrk, Poland"]
[Date "2018.07.26"]
[Round "2.12"]
[White "Oles, Martin"]
[Black "Luczak, Filip"]
[Result "0-1"]
[TimeControl "3'+2\""]
[BlackTitle "CM"]
[WhiteElo "1507"]
[BlackElo "1935"]

1. e4 {[%clk 00:03:03]} c5 {[%clk 00:03:03]} {[%emt 00:00:01]} 2. Nf3 {[%clk
00:03:04]} e6 {[%clk 00:03:05]} 3. d4 {[%clk 00:03:03]} {[%emt 00:00:03]} cxd4
4. Nxd4 {[%clk 00:03:05]} Nc6 {[%clk 00:03:07]} {[%emt 00:00:01]} 5. Nc3 {[%clk
00:03:05]} {[%emt 00:00:02]} Qc7 {[%clk 00:03:06]} {[%emt 00:00:02]} 6. Be3
{[%clk 00:03:00]} {[%emt 00:00:07]} a6 {[%clk 00:03:06]} {[%emt 00:00:02]} 7.
Be2 {[%clk 00:02:51]} {[%emt 00:00:12]} Nf6 {[%clk 00:03:04]} {[%emt 00:00:03]}
8. O-O {[%clk 00:02:49]} {[%emt 00:00:05]} Be7 {[%clk 00:02:50]} {[%emt
00:00:15]} 9. f4 {[%clk 00:02:45]} {[%emt 00:00:06]} d6 {[%clk 00:02:51]}
{[%emt 00:00:01]} 10. h3 {[%clk 00:02:44]} {[%emt 00:00:05]} b5 {[%clk
00:02:44]} {[%emt 00:00:07]} 11. a3 {[%clk 00:02:45]} {[%emt 00:00:02]} Bb7
{[%clk 00:02:43]} {[%emt 00:00:03]} 12. Bf3 {[%clk 00:02:30]} {[%emt 00:00:16]}
Rc8 {[%clk 00:02:09]} {[%emt 00:00:35]} 13. Rc1 {[%clk 00:02:01]} {[%emt
00:00:32]} Na5 {[%clk 00:02:01]} {[%emt 00:00:10]} 14. e5 {[%emt 00:00:49]}
dxe5 {[%clk 00:01:56]} {[%emt 00:00:06]} 15. Bxb7 {[%clk 00:01:07]} {[%emt
00:00:10]} Nxb7 {[%clk 00:01:39]} {[%emt 00:00:20]} 16. fxe5 {[%clk 00:01:08]}
{[%emt 00:00:01]} Qxe5 {[%clk 00:01:37]} {[%emt 00:00:04]} 17. Nf3 {[%clk
00:00:54]} {[%emt 00:00:16]} Qxe3+ {[%clk 00:01:37]} {[%emt 00:00:02]} 18. Kh1
{[%clk 00:00:53]} {[%emt 00:00:02]} O-O {[%clk 00:01:23]} {[%emt 00:00:16]} 19.
Re1 {[%clk 00:00:54]} {[%emt 00:00:01]} Qb6 {[%clk 00:01:22]} {[%emt 00:00:02]}
20. Qe2 {[%clk 00:00:55]} {[%emt 00:00:03]} Bd6 {[%clk 00:01:13]} {[%emt
00:00:11]} 21. Ne4 {[%clk 00:00:49]} {[%emt 00:00:07]} Nxe4 {[%clk 00:01:07]}
{[%emt 00:00:08]} 22. Qxe4 {[%clk 00:00:50]} Rc4 {[%clk 00:01:04]} {[%emt
00:00:05]} 23. Qd3 {[%clk 00:00:30]} {[%emt 00:00:22]} Nc5 {[%clk 00:01:03]}
{[%emt 00:00:03]} 24. Qe2 {[%clk 00:00:32]} Ne4 {[%clk 00:00:59]} {[%emt
00:00:07]} 25. Qxc4 {[%clk 00:00:23]} {[%emt 00:00:11]} Nf2+ {[%clk 00:00:43]}
{[%emt 00:00:17]} 0-1

[Event "Turniej Blitza na II Lidze Juniorów 2018"]
[Site "Szczyrk, Poland"]
[Date "2018.07.26"]
[Round "2.35"]
[White "Kaminski, Jakub"]
[Black "Pedrak, Paulina"]
[Result "0-1"]
[TimeControl "3'+2\""]
[WhiteElo "1147"]
[BlackElo "1596"]

1. e4 {[%emt 00:02:14]} c5 2. Nf3 {[%emt 00:00:01]} e6 {[%emt 00:00:01]} 3. d4
cxd4 {[%emt 00:00:02]} 4. Nxd4 a6 5. Nc3 {[%emt 00:00:01]} Qc7 6. Be3 {[%emt
00:00:03]} Bb4 {[%emt 00:00:05]} 7. Qd2 {[%emt 00:00:04]} Nf6 {[%emt 00:00:02]}
8. f3 {[%emt 00:00:02]} d5 {[%emt 00:00:26]} 9. Bd3 {[%emt 00:00:25]} e5 {[%emt
00:00:05]} 10. Nb3 {[%emt 00:00:02]} d4 {[%emt 00:00:01]} 11. Bg5 {[%emt
00:00:02]} dxc3 {[%emt 00:00:05]} 12. bxc3 {[%emt 00:00:02]} Bxc3 {[%emt
00:00:02]} 0-1

[Event "Turniej Blitza na II Lidze Juniorów 2018"]
[Site "Szczyrk, Poland"]
[Date "2018.07.26"]
[Round "2.6"]
[White "Orlik, Sandra"]
[Black "Marczuk, Dominik"]
[Result "0-1"]
[TimeControl "3'+2\""]
[WhiteElo "1549"]
[BlackElo "2112"]

1. e4 {[%clk 00:03:03]} c5 {[%clk 00:02:59]} {[%emt 00:00:05]} 2. Nf3 {[%clk
00:03:04]} {[%emt 00:00:01]} g6 {[%clk 00:02:53]} {[%emt 00:00:08]} 3. d4
{[%clk 00:03:02]} {[%emt 00:00:04]} Bg7 {[%clk 00:02:53]} {[%emt 00:00:02]} 4.
c4 {[%clk 00:03:01]} {[%emt 00:00:03]} Nc6 {[%clk 00:02:53]} {[%emt 00:00:02]}
5. Be3 {[%clk 00:02:51]} {[%emt 00:00:13]} Qb6 {[%clk 00:02:28]} {[%emt
00:00:26]} 6. b3 {[%clk 00:02:27]} {[%emt 00:00:26]} cxd4 {[%clk 00:02:25]}
{[%emt 00:00:05]} 7. Bd2 {[%clk 00:02:28]} {[%emt 00:00:01]} Nf6 {[%clk
00:02:07]} {[%emt 00:00:19]} 8. Bd3 {[%clk 00:02:28]} {[%emt 00:00:03]} d6
{[%clk 00:02:07]} {[%emt 00:00:02]} 9. O-O {[%clk 00:02:20]} {[%emt 00:00:10]}
Bg4 {[%clk 00:02:07]} {[%emt 00:00:02]} 10. h3 {[%clk 00:02:17]} {[%emt
00:00:05]} Bxf3 {[%clk 00:02:07]} {[%emt 00:00:02]} 11. Qxf3 {[%clk 00:02:18]}
{[%emt 00:00:01]} Ne5 {[%clk 00:02:04]} {[%emt 00:00:05]} 12. Qe2 {[%clk
00:02:18]} {[%emt 00:00:02]} Nxd3 {[%clk 00:02:04]} {[%emt 00:00:02]} 13. Qxd3
{[%clk 00:02:18]} {[%emt 00:00:02]} Nd7 {[%clk 00:02:05]} {[%emt 00:00:01]} 14.
Rd1 {[%clk 00:01:27]} {[%emt 00:00:53]} Nc5 {[%clk 00:01:46]} {[%emt 00:00:21]}
15. Qf3 {[%clk 00:01:27]} {[%emt 00:00:02]} Qc6 {[%clk 00:01:41]} {[%emt
00:00:06]} 16. Re1 {[%clk 00:01:24]} {[%emt 00:00:06]} f5 {[%clk 00:01:20]}
{[%emt 00:00:23]} 17. exf5 {[%clk 00:00:58]} {[%emt 00:00:28]} Qxf3 {[%clk
00:01:21]} {[%emt 00:00:02]} 18. gxf3 {[%clk 00:00:59]} {[%emt 00:00:01]} gxf5
{[%clk 00:01:21]} {[%emt 00:00:01]} 19. b4 {[%clk 00:00:56]} {[%emt 00:00:05]}
Nd3 {[%clk 00:01:15]} {[%emt 00:00:08]} 20. Rd1 {[%clk 00:00:19]} {[%emt
00:00:39]} Ne5 {[%clk 00:01:15]} {[%emt 00:00:02]} 21. Kg2 {[%clk 00:00:16]}
{[%emt 00:00:05]} Nxc4 {[%clk 00:01:15]} {[%emt 00:00:02]} 22. Bg5 {[%clk
00:00:00]} {[%emt 00:00:15]} 0-1